[Event "BRA-ch U12 Girls"]
[Site "Brasilia"]
[Date "2017.04.22"]
[Round "3"]
[White "Ziliotto, Barbara Magro"]
[Black "Aguiar, Luisa Oliveira"]
[Result "0-1"]
[WhiteElo "1731"]
[BlackElo "1481"]
[PlyCount "50"]
[EventDate "2017.04.21"]
[EventType "swiss"]
[EventRounds "6"]
[EventCountry "BRA"]
[SourceTitle "CBM 177 Extra"]
[Source "ChessBase"]
[SourceDate "2017.04.27"]
[SourceVersion "1"]
[SourceVersionDate "2017.04.27"]
[SourceQuality "1"]

1. e4 e5 2. Bc4 Nf6 3. d3 Nc6 4. Nf3 d6 5. 0-0 Be7 6. Be3 0-0 7. Nbd2 Bd7 8. Re1 Qc8 9. Qe2 Be6 10. Bxe6 Qxe6 11. Ng5 Qd7 12. h3 d5 13. Rad1 d4 14. Bxd4 Nxd4 15. Qe3 Nxc2 16. Qg3 Nxe1 17. Rxe1 Bb4 18. Re2 Rad8 19. Ngf3 Qxd3 20. Re3 Qc2 21. Nb3 Nxe4 22. Qh4 Nd2 23. Nbxd2 Bxd2 24. Rxe5 Qc1+ 25. Kh2 Bf4+ 0-1

[Event "Caldas Novas op 1st"]
[Site "Caldas Novas"]
[Date "2017.03.12"]
[Round "6"]
[White "Aguiar, Luisa Oliveira"]
[Black "De Miranda, Daniele Correa"]
[Result "1-0"]
[WhiteElo "1785"]
[BlackElo "1165"]
[PlyCount "30"]
[EventDate "2017.03.10"]
[EventType "swiss"]
[EventRounds "6"]
[EventCountry "BRA"]
[SourceTitle "CBM 177 Extra"]
[Source "ChessBase"]
[SourceDate "2017.04.27"]
[SourceVersion "1"]
[SourceVersionDate "2017.04.27"]
[SourceQuality "1"]

1. e4 e6 2. Nc3 Bc5 3. Be2 Nf6 4. d3 d5 5. e5 Nfd7 6. Nf3 0-0 7. d4 Bb4 8. a3 Ba5 9. Qd3 Nc6 10. Ng5 g6 11. Qh3 h5 12. Qe3 b6 13. Nf3 Bb7 14. Qh6 Ne7 15. Ng5 f6 1-0